The crouching future : International politics and U.S. foreign policy - a forecast

Đã lưu trong:
书目详细资料
主要作者: Hilsman, Roger
格式: 图书
语言:Undetermined
出版: Garden City, N.Y. Doubleday 1975
主题:
标签: 添加标签
没有标签, 成为第一个标记此记录!
Thư viện lưu trữ: Trung tâm Học liệu Trường Đại học Cần Thơ
LEADER 00784nam a2200241Ia 4500
001 CTU_221707
008 210402s9999 xx 000 0 und d
082 |a 327.09 
082 |b H655 
100 |a Hilsman, Roger 
245 4 |a The crouching future : 
245 0 |b International politics and U.S. foreign policy - a forecast 
245 0 |c Roger Hilsman 
260 |a Garden City, N.Y. 
260 |b Doubleday 
260 |c 1975 
650 |a Thế kỷ 21,World politics,Economic history,Twenty-first century,Chính trị thế giới,Lịch sử kinh tế 
650 |x Dự báo,Forecasts 
650 |y 1945-1989,1945-1989,1971-1990 
650 |z 1971-1990 
904 |i Qghieu 
910 |a Qhieu 
980 |a Trung tâm Học liệu Trường Đại học Cần Thơ